000 00285nam a2200121Ia 4500
005 20251222152611.0
008 251222s9999||||xx |||||||||||||| ||spa||
082 _a848.8/V53D/1984
100 _aVerne, Julio
245 0 _aDe la Tierra a la Luna
264 _bOveja Negra
942 _cLIB
999 _c26997
_d26997